| 000 | 01525cam a2200433 a 4500 | ||
|---|---|---|---|
| 001 | 53370 | ||
| 005 | 20230410143342.0 | ||
| 008 | 061006s2006 sp a b 001 0 spa c | ||
| 035 | _a(OCoLC)ocm74882537 | ||
| 040 |
_aPL# _bspa _cPL# _dINU _dBAKER _dYDXCP |
||
| 020 | _a8483066734 | ||
| 020 | _a9788483066737 | ||
| 029 | 0 |
_aPL# _b060002887 |
|
| 035 | _a(OCoLC)74882537 | ||
| 042 | _apcc | ||
| 043 | _ae-sp--- | ||
| 082 | 0 | 4 |
_a323.445094609043 _222 |
| 049 | _aGRAL | ||
| 050 | 1 | 4 | _aS615p 2006 |
| 100 | 1 |
_aSinova, Justino, _d1945- |
|
| 245 | 1 | 3 |
_aLa prensa en la Segunda República española : _bhistoria de una libertad frustrada / _cJustino Sinova. |
| 250 | _a1a ed. | ||
| 260 |
_aMadrid : _bDebate ; _aBarcelona : _bRandom House Mondadori , _c2006. |
||
| 300 |
_a565 p. : _bill. ; _c24 cm. |
||
| 490 | 1 | _aDebate Historias | |
| 504 | _aIncludes bibliographical references (p.475-[479]) and index. | ||
| 650 | 0 |
_aFreedom of the press _zSpain _xHistory _y20th century. |
|
| 651 | 0 |
_aSpain _xHistory _yRepublic, 1931-1939. |
|
| 653 |
_aII República (1931-1939) _aEspaña _aHistoria _aPrensa _aSiglo XX. |
||
| 653 |
_aPrensa _aEspañola _aII República (1931-1939). |
||
| 653 |
_aHistoria _aEspañola _aSiglo XX. |
||
| 830 | 0 | _aHistorias (Editorial Debate) | |
| 938 |
_aPuvill Libros _bPUVL _n8483066734 _c$31.47 |
||
| 938 |
_aBaker & Taylor _bBKTY _c40.95 _d40.95 _i8483066734 _n0007199408 _sactive |
||
| 938 |
_aYBP Library Services _bYANK _n2669466 |
||
| 942 |
_2lcc _cbk |
||
| 994 |
_aC0 _bDRFGD |
||
| 946 | _aLspaulino | ||
| 999 |
_c100116 _d100116 |
||